MLP- Une journée parfaite - Statistiques

Statistiques générales
  • Ce quiz a été pris 19 fois
  • Le résultat moyen est 134 sur 200
Statistiques - réponses
Réponse % Correct
à
100%
ai
100%
de
100%
je
100%
Je
100%
journée
100%
le
100%
les
100%
parfaite
100%
avec
86%
C'est
86%
c'est
86%
cet
86%
Cette
86%
cette
86%
depuis
86%
des
86%
Il
86%
J'en
86%
j'en
86%
la
86%
Mais
86%
ne
86%
Oui
86%
petite
86%
que
86%
Que
86%
rêvé
86%
s'annonce
86%
suis
86%
te
86%
tout
86%
toute
86%
un
86%
une
86%
au
71%
est
71%
invités
71%
m'admirer
71%
marié
71%
mes
71%
Mes
71%
Mon
71%
Non
71%
pas
71%
plats
71%
poneys
71%
qui
71%
Qui
71%
rêvais
71%
s'annonçait
71%
seul
71%
Tous
71%
amis
57%
belle
57%
bête
57%
bien
57%
coeur
57%
dans
57%
enfermée
57%
fête
57%
ici
57%
ignorent
57%
Ils
57%
j'affirmais
57%
jamais
57%
lieu
57%
lui
57%
m'amuser
57%
mangerais
57%
mariée
57%
mentais
57%
moi
57%
n'aime
57%
Oh
57%
possédés
57%
pour
57%
quand
57%
resterais
57%
robe
57%
sera
57%
Shining Armor
57%
ta
57%
T'es
57%
trouve
57%
voeux
57%
vont
57%
arrivé
43%
bientôt
43%
Car
43%
décembre
43%
d'être
43%
du
43%
Enfin
43%
ensemble
43%
entier
43%
épouse
43%
épouser
43%
fermé
43%
froid
43%
j'aime
43%
J'arrive
43%
l'amour
43%
l'important
43%
l'imposteur
43%
maudit
43%
moment
43%
qu'il
43%
Qu'importe
43%
qu'importe
43%
sauver
43%
serais
43%
si
43%
soit
43%
son
43%
surtout
43%
tellement
43%
va
43%
veux
43%
d'y
29%
Empêcher
29%
être
29%
existence
29%
fin
29%
L'espoir
29%
l'heure
29%
mentirais
29%
mépris
29%
mettre
29%
moyen
29%
n'arriverons
29%
n'éprouve
29%
Nous
29%
rien
29%
S'il
29%
tremblerais
29%
Trouver
29%
yeux
29%
Aucun quiz correspondant
Distribution des résultats
% des personnes avec chaque résultat
Percentile par nombre de réponses
Votre historique - résultats
Vous n’avez pas pris ce quiz